<?xml version="1.0" encoding="UTF-8"?>
<record
    xmlns:xsi="http://www.w3.org/2001/XMLSchema-instance"
    xsi:schemaLocation="http://www.loc.gov/MARC21/slim http://www.loc.gov/standards/marcxml/schema/MARC21slim.xsd"
    xmlns="http://www.loc.gov/MARC21/slim">

  <leader>01524nam a2200301Ia 4500</leader>
  <controlfield tag="003">OSt</controlfield>
  <controlfield tag="005">20200811151511.0</controlfield>
  <controlfield tag="008">191128s2007    c      fr     000 0 s   d</controlfield>
  <datafield tag="020" ind1=" " ind2=" ">
    <subfield code="a">9789588295312</subfield>
  </datafield>
  <datafield tag="040" ind1=" " ind2=" ">
    <subfield code="a">CO-JMCR</subfield>
    <subfield code="c">CO-JMCR</subfield>
  </datafield>
  <datafield tag="041" ind1="0" ind2=" ">
    <subfield code="a">spa</subfield>
  </datafield>
  <datafield tag="082" ind1="0" ind2="4">
    <subfield code="a">343.0994 /</subfield>
    <subfield code="b">F222i</subfield>
    <subfield code="2">23</subfield>
  </datafield>
  <datafield tag="100" ind1="1" ind2=" ">
    <subfield code="a">Farf&#xE1;n Molina, Francisco Javier, </subfield>
    <subfield code="e">autor</subfield>
    <subfield code="9">8599</subfield>
  </datafield>
  <datafield tag="245" ind1="1" ind2="3">
    <subfield code="a">La interceptaci&#xF3;n de comunicaciones telef&#xF3;nicas en el proceso penal y disciplinario /</subfield>
    <subfield code="c">Francisco Farf&#xE1;n Molina</subfield>
  </datafield>
  <datafield tag="250" ind1=" " ind2=" ">
    <subfield code="a">Primera edici&#xF3;n</subfield>
  </datafield>
  <datafield tag="260" ind1=" " ind2=" ">
    <subfield code="a">Bogot&#xE1; : </subfield>
    <subfield code="b">Procuradur&#xED;a General de la Naci&#xF3;n, </subfield>
    <subfield code="c">2007</subfield>
  </datafield>
  <datafield tag="300" ind1=" " ind2=" ">
    <subfield code="a">231 p&#xE1;ginas ; </subfield>
    <subfield code="c">24 cm.</subfield>
  </datafield>
  <datafield tag="490" ind1="0" ind2=" ">
    <subfield code="a">Derecho penal ; </subfield>
    <subfield code="v">9</subfield>
  </datafield>
  <datafield tag="504" ind1=" " ind2=" ">
    <subfield code="a">Bibliograf&#xED;a: p&#xE1;ginas 225-231</subfield>
  </datafield>
  <datafield tag="505" ind1="0" ind2=" ">
    <subfield code="a">Diligencias investigativas que restringen derechos fundamentales y principio de proporcionalidad -- Requisitos m&#xED;nimos de la intervenci&#xF3;n telef&#xF3;nica leg&#xED;tima -- El objeto de la injerencia -- Derecho fundamental al secreto de las comunicacionese</subfield>
  </datafield>
  <datafield tag="520" ind1="3" ind2=" ">
    <subfield code="a">Las constituciones pol&#xED;ticas reconocen generalmente, en su parte dogm&#xE1;tica, el secreto de las comunicaciones como un derecho fundamental de aplicaci&#xF3;n inmediata y exigible judicialmenten, que garantiza al ciudadano la libertad para sustraer.</subfield>
  </datafield>
  <datafield tag="650" ind1="1" ind2="4">
    <subfield code="a">Intervenciones telef&#xF3;nicas </subfield>
    <subfield code="x">legislaci&#xF3;n</subfield>
    <subfield code="9">8600</subfield>
  </datafield>
  <datafield tag="650" ind1="1" ind2="4">
    <subfield code="a">Telecomunicaciones</subfield>
    <subfield code="x">legislaci&#xF3;n</subfield>
    <subfield code="2"> </subfield>
    <subfield code="z">Colombia</subfield>
    <subfield code="9">8601</subfield>
  </datafield>
  <datafield tag="650" ind1="1" ind2="4">
    <subfield code="a">Derecho penal</subfield>
    <subfield code="z">Colombia</subfield>
    <subfield code="9">8555</subfield>
  </datafield>
  <datafield tag="650" ind1="1" ind2="4">
    <subfield code="a">Proceso penal</subfield>
    <subfield code="z">Colombia</subfield>
    <subfield code="9">8602</subfield>
  </datafield>
  <datafield tag="650" ind1="1" ind2="4">
    <subfield code="a">Proceso disciplinario</subfield>
    <subfield code="z">Colombia</subfield>
    <subfield code="9">8603</subfield>
  </datafield>
  <datafield tag="942" ind1=" " ind2=" ">
    <subfield code="2">ddc</subfield>
    <subfield code="c">BK</subfield>
  </datafield>
  <datafield tag="999" ind1=" " ind2=" ">
    <subfield code="c">4685</subfield>
    <subfield code="d">4685</subfield>
  </datafield>
  <datafield tag="952" ind1=" " ind2=" ">
    <subfield code="0">0</subfield>
    <subfield code="1">0</subfield>
    <subfield code="2">ddc</subfield>
    <subfield code="4">0</subfield>
    <subfield code="7">0</subfield>
    <subfield code="8">NFIC</subfield>
    <subfield code="a">CPL</subfield>
    <subfield code="b">CPL</subfield>
    <subfield code="d">2017-12-01</subfield>
    <subfield code="e">Donaci&#xF3;n</subfield>
    <subfield code="o">343.0994 / F222i </subfield>
    <subfield code="p">230002314</subfield>
    <subfield code="r">2024-05-16 00:00:00</subfield>
    <subfield code="t">Ej.1</subfield>
    <subfield code="y">BK</subfield>
  </datafield>
</record>
